Statistics for Simpsons Trivia Quiz #1

Click here to take the quiz!

General Stats

  • This quiz has been taken 29,195 times
  • The average score is 12 of 20

Answer Stats

QuestionAnswer% Correct
Who tries to kill Bart?Sideshow Bob
92%
Who is Mr. Burns assistant?Smithers
91%
What instrument does Lisa play?Saxophone
90%
Who is the town drunk?Barney
90%
Who owns the convenience store?Apu
88%
Where is Groundskeeper Willie from?Scotland
88%
What does Homer sell his
soul for?
A Donut
87%
What breed of dog is Santa's Little Helper?Greyhound
67%
Who is a slack-jawed yokel?Cletus
61%
What is Patty and Selma's favorite show?MacGyver
59%
What gets whacked on whacking day?Snakes
59%
What comic book character says
"up and atom?"
Radioactive Man
58%
What does Homer say that means
the opposite of "D'oh!"
Woohoo!
52%
Who is Lisa's teacher?Miss Hoover
52%
What real-life person is
Drederick Tatum based on
Mike Tyson
50%
Who is Marge's prom date?Artie Ziff
42%
What secret society does Homer join?The Stonecutters
42%
What pop singer rescues Bart
from the well?
Sting
27%
What is the redneck version of Duff beer?Fudd
25%
What real estate agent is #1
on the West Side?
Cookie Kwan
23%

Score Distribution

Percentile by Number Answered

Percent of People with Each Score

Your Score History

You have not taken this quiz